000 01081nam a22002537a 4500
999 _c2622
_d2622
003 AR-CdUCM
008 190305b ||||| |||| 00| 0 spa d
040 _aMUNICIPALIDAD PROVINCIAL DEL CUSCO
_cBIBLIOTECA MUNICIPAL DEL CUSCO
082 _a928. 5 /
_bF43W
100 _aWu Brading, Cecilia
_99224
245 _aManuel Ferreyros y la patria peruana :
_bepistolario 1836-1839 /
260 _aLima :
_b Fondo Editorial de la Pontificia Universidad Católica del Perú,
_c1991.
300 _a362 páginas ;
_c20 cm.
505 _aContenido : Estudio preliminar: Manuel Ferreyros, 1793-1872 -- Epistolario: Cartas a Manuel Ferreyros -- Informes sobre la caída del consejo en 1835, por Manuel Ferreyros 11 y 24 de enero ...
650 _aProsa - Perú - Biografía
_99225
650 _aPoesía Peruana
_92266
650 _aPoestas peruanos
_99226
650 _aManuel Ferreyros - Cartas
_99227
650 _aHistoria - Perú- Literatura
_99228
650 _aPoetas - Correspondencia
_99229
650 _aBiografias - poetas
_99230
942 _2ddc
_cLIBROS
945 _alccs